000 00755nam a2200265 i 4500
003 DO-SdBNP
005 20240826104620.0
007 ta
008 240826b2019 xxu||||| |||| 00| 0 spa d
020 _a9781786652003
040 _aDO-SdBNP
_bspa
_cBNPHU
_erda
082 4 _222
100 1 _aWhite, Elena G. de,
_952945
_eautor
245 1 3 _aEl deseado de todas las gentes /
_cElena G. de White.
250 _aQuinta edición
264 _aEstados Unidos :
_bEditora IADPA,
_c2019.
300 _a791 páginas ;
_c21 cm.
336 _2rdacontent
_atexto
_btxt
337 _2rdamedia
_asin mediación
_bn
338 _2rdacarrier
_avolumen
_bnc
500 _aIncluye índice
590 _aInventariado, 2024/BT
910 _aBtavárez
942 _2ddc
_cLBS1
999 _c57546
_d57546